000 01517nam0a2200313 4500
001 RU\NLR\BIBL_A\011449107
005 20260406091139.0
010 _a978-5-8064-1847-1
_9100
035 _a(NLR Aleph) 011449107
090 _a11743904
_c11743904
100 _a20170804d2017 |||y0rusy50 ca
101 0 _arus
102 _aRU
105 _ay|||j|||000zy
200 1 _aПедагогическая деонтология
_eучебное пособие
_fН.Н. Плахов, А.И. Анисимов, О.В. Шатровой
210 _aСанкт-Петербург
_cИзд-во РГПУ им. А.И. Герцена
_d2017
215 _a70 с.
_d20
300 _aНа 69-й с. авт.: Н.Н. Плахов, д.м.н., проф., , А.И. Анисимов, к.психол.н., доц., О.В. Шатровой, к.психол.н., доц.
320 _aБиблиогр.: с. 64-68
606 1 _aДеонтология педагогическая
_jУчебные издания
_92294664
_3RU\NLR\AUTH\6601601235
686 1 _aЧ30в2я7
700 1 _aПлахов
_bН. Н.
_gНиколай Николаевич
701 1 _4070
_7ca
_8rus
_aАнисимов
_bА. И.
_cканд. психол. наук
_gАлексей Игоревич
_92653667
_3RU\NLR\AUTH\770281700
701 1 _7ca
_8rus
_aШатровой
_bО. В.
_gОлег Вячеславович
_950846
_3RU\NLR\AUTH\7767918
942 _cBOOK
980 _aNB
980 _aNBR